000 00253nam a2200121Ia 4500
008 190216s9999||||xx |||||||||||||| ||und||
100 _aSri Gopala Achari
245 0 _aHindi-Gutiya
260 _bMunna
300 _a53
650 _aHindi
942 _cBK
999 _c16335
_d16335